Loading...
| Ancient History and Archaeology | 2 | 15.00 | 50% | 0% | 100% |
| Beliefs | 8 | 8.75 | 38% | 25% | 25% |
| British and Commonwealth History | 2 | 10.00 | 50% | 50% | 0% |
| Current Events | 1 | 20.00 | 100% | 0% | 100% |
| Fine Arts - Auditory | 5 | 20.00 | 60% | 60% | 80% |
| Fine Arts - Visual | 2 | 15.00 | 0% | 100% | 50% |
| Geography | 1 | 10.00 | 100% | 0% | 0% |
| History - American | 4 | 20.00 | 100% | 50% | 50% |
| History - European | 3 | 13.33 | 33% | 33% | 67% |
| History - World | 6 | 16.67 | 67% | 67% | 33% |
| Literature - American | 6 | 11.67 | 33% | 33% | 50% |
| Literature - British | 4 | 10.00 | 50% | 25% | 25% |
| Literature - European | 4 | 17.50 | 25% | 75% | 75% |
| Other Academic | 3 | 13.33 | 0% | 67% | 67% |
| Other Arts: Auditory | 2 | 5.00 | 0% | 50% | 0% |
| Other Arts: Visual | 3 | 13.33 | 33% | 67% | 33% |
| Other Science: Computer Science | 1 | 0.00 | 0% | 0% | 0% |
| Other Science: Math | 1 | 20.00 | 0% | 100% | 100% |
| Philosophy | 5 | 14.00 | 40% | 40% | 60% |
| Science - Biology | 4 | 15.00 | 25% | 75% | 50% |
| Science - Chemistry | 6 | 20.00 | 67% | 50% | 83% |
| Science - Physics | 4 | 20.00 | 50% | 50% | 100% |
| Social Science | 4 | 15.00 | 25% | 75% | 50% |
| World and Other Literature | 3 | 6.67 | 33% | 33% | 0% |